000 00457nam a2200121Ia 4500
008 231221s9999 xx 000 0 und d
041 _aEnglish
082 _aQPBMUG07-1672
245 0 _aFrench III: Hotel Management [e resource : question paper] : Fifth Semester BHM exam , Nov/Dec 2007 (SD-2226)
260 _c2007/12
_bBU-Bangalore University
650 _aFrench,III:,Hotel,Management,[e,:,paper],:,Fifth,BHM,exam,,,Nov/Dec,2007,(SD-2226)
942 _cDL
999 _c205545
_d205545